| 000 | 00322nam a2200097Ia 4500 | ||
|---|---|---|---|
| 008 | 220120s9999||||xx |||||||||||||| ||und|| | ||
| 100 |
_aPramod, Rakshith Kumar, Lohith and Beeresh _912741 |
||
| 245 | 0 | _a4G(LTE) controlled long range convertible UAV | |
| 260 |
_aCoorg Institute of Technology _bPonnampet |
||
| 650 | _aMECHANICAL | ||
| 999 |
_c138341 _d138341 |
||